000 00841nam a2200217 a 4500
001 000034261
005 20200930070920.0
008 110929s2001 es 000 0 spa d
020 _a8400080068
040 _aDO-SdBNP
_bspa
_cBNPHU
245 0 0 _aPobreza y exclusión :
_bla malla de seguridad en España /
_ceditor Luis Moreno.
260 _aMadrid :
_bConsejo Superior de Investigaciones Científicas,
_c2001.
300 _a435 ;
_c24 cm.
490 1 _aPoliteya. Estudios de política y sociedad;
_v17
500 _aIncluye referencias bibliográficas y notas al pie de las páginas
504 _aBibliográficas
700 1 _aMoreno, Luis
_q(Moreno Fernández),
_eed.
_959681
710 1 _aInstituto de Estudios Sociales Avanzados (España)
_959680
830 0 _aPoliteya. Estudios de política y sociedad ;
_v17
_915695
049 _aBNPD
999 _c33752
_d33752